000 00229nam a22000857a 4500
008 160718b xxu||||| |||| 00| 0 eng d
100 _93005
_a Brien, D
245 _aG.K - History and Geography
260 _aSydney
_bReader's Digest
_c2004
999 _c2568
_d2568